000 00688nam a2200229Ia 4500
003 OSt
005 20220928113713.0
006 a|||||r|||| 00| 0
007 ta
008 220927b |||||||| |||| 00| 0 eng d
024 _a42905
037 _cTextual
040 _aSDCL
_cSDCL
_beng
041 _2eng
_aeng
082 _aXM8:87.3'N8, M4
100 _aTricker R I
_9434577
245 0 _aCorporate governance
_b Practices procedures and powers in British companies and their boards of directors
260 _aAdershot
_bGower Publishing
_c1984
300 _avii,319p
_ccm.
942 _hXM8:87.3'N8, M4
_cTEXL
_2CC
999 _c750890
_d750890